Učitavanje...

Chemical Formulary : Vol. 11

Bibliografski detalji
Glavni autor: H Bennett
Format: Printed Book
Jezik:Undetermined
Izdano: Chemical Publishing Co. Inc. 1965
New york
Teme:
LEADER 00612nam a2200217Ia 4500
008 141122s9999 xx 000 0 und d
040 |c . 
041 |a English 
082 |a 540 
082 |b BEN/CH.12 
100 |a H Bennett 
245 |a Chemical Formulary : Vol. 11 
245 |c H Bennett 
260 |b Chemical Publishing Co. Inc. 
260 |b New york 
260 |c 1965 
300 |a 502 Pages 
650 |a Pharmacology and Toxicology 
942 |c BK 
999 |c 18060  |d 18060 
952 |0 0  |1 0  |4 0  |6 540_BENCH_120000000000000  |7 0  |9 17736  |a COVAS  |b COVAS  |d 0000-00-00  |o 540 BEN/CH.12  |p 10585  |r 2014-11-26  |w 2014-11-26  |y BK